ՀՀ Գիտությունների ազգային ակադեմիայի հիմնարար գիտական գրադարան  =   Fundamental Scientific Library of NAS RA

Խոսում են Անկարայի հայերը / (Record no. 529333)

MARC details
000 -LEADER
fixed length control field 01718nam a2200313 a 4500
001 - CONTROL NUMBER
control field 1906006
003 - CONTROL NUMBER IDENTIFIER
control field AM-YEHGA
005 - DATE AND TIME OF LATEST TRANSACTION
control field 20250618080131.0
008 - FIXED-LENGTH DATA ELEMENTS--GENERAL INFORMATION
fixed length control field 230531s2022 ai a||||r|||||||||0|arm|d
020 ## - INTERNATIONAL STANDARD BOOK NUMBER
International Standard Book Number 9789939768359
040 ## - CATALOGING SOURCE
Original cataloging agency AM-YeHGA
041 1# - LANGUAGE CODE
Language code of text/sound track or separate title arm
Language code of original tur
090 ## - LOCALLY ASSIGNED LC-TYPE CALL NUMBER (OCLC); LOCAL CALL NUMBER (RLIN)
-- 567728
245 00 - TITLE STATEMENT
Title Խոսում են Անկարայի հայերը /
Statement of responsibility, etc. Կազմող և առաջաբանի հեղինակ՝ Ֆ. Բալանջար ; Թարգմանիչ՝ Ն. Թադևոսյան ; Խմբագիր՝ Ա. Ավագյան ; Սրբագրիչ՝ Ա. Նիկողոսյան ; Նախաբան՝ Ռ.Հ. Գևորգյանի ; Վերջաբանը՝ Օ. Բալի ; «Գրքի ինստիտուտ» մշակութային հասարակական կազմակերպություն.
260 ## - PUBLICATION, DISTRIBUTION, ETC.
Place of publication, distribution, etc. Երևան :
Name of publisher, distributor, etc. Հրանտ Դինք հիմնարկ հրատ.,
Date of publication, distribution, etc. 2022.
300 ## - PHYSICAL DESCRIPTION
Extent 205 էջ :
Other physical details լուսանկ. ;
Dimensions 21 սմ.
440 #0 - SERIES STATEMENT/ADDED ENTRY--TITLE
Title Լռության ձայնը ;
Volume/sequential designation III
504 ## - BIBLIOGRAPHY, ETC. NOTE
Bibliography, etc. note Անվանացանկ՝ էջ 201-204:
650 14 - SUBJECT ADDED ENTRY--TOPICAL TERM
Topical term or geographic name entry element Հայոց ցեղասպանություն (1915-1923)
650 14 - SUBJECT ADDED ENTRY--TOPICAL TERM
Topical term or geographic name entry element Հայ հուշագրություն
9 (RLIN) 5766
700 1# - ADDED ENTRY--PERSONAL NAME
Personal name Բալանջար, Ֆերդա
Relator term կազմ.
Relationship com
Relator term առաջաբ. հեղ.
Relationship aui
700 1# - ADDED ENTRY--PERSONAL NAME
Personal name Թադևոսյան, Նարինե
Relator term թարգմ.
Relationship trl
700 1# - ADDED ENTRY--PERSONAL NAME
Personal name Ավագյան, Անժելա
Relator term խմբ.
Relationship edt
700 1# - ADDED ENTRY--PERSONAL NAME
Personal name Նիկողոսյան, Արմենուհի
Relator term սրբագր.
Relationship crr
700 1# - ADDED ENTRY--PERSONAL NAME
Personal name Գևորգյան, Ռայմոնդ Հ.
Relator term նախաբան
Relationship aui
700 1# - ADDED ENTRY--PERSONAL NAME
Personal name Բալի, Օզգյուր
Relator term վերջաբանի հեղինակ
Relationship aft
710 2# - ADDED ENTRY--CORPORATE NAME
Corporate name or jurisdiction name as entry element «Գրքի ինստիտուտ» մշակութային հասարակական կազմակերպություն
942 ## - ADDED ENTRY ELEMENTS (KOHA)
Source of classification or shelving scheme Universal Decimal Classification
Koha item type Գրքեր / Books
Holdings
Withdrawn status Lost status Source of classification or shelving scheme Damaged status Not for loan Collection Home library Current library Date acquired Total checkouts Full call number Barcode Date last seen Price effective from Koha item type Public note
    Universal Decimal Classification     General Fundamental Scientific Library Fundamental Scientific Library 10/01/2024   AII/111278 FL0681831 10/01/2024 10/01/2024 Գրքեր / Books 30 Days Loan
    Universal Decimal Classification     General Fundamental Scientific Library Fundamental Scientific Library 10/01/2024   AII/111279 FL0681832 10/01/2024 10/01/2024 Գրքեր / Books 30 Days Loan
    Universal Decimal Classification     General Fundamental Scientific Library Fundamental Scientific Library 10/01/2024   AII/111280 FL0681833 10/01/2024 10/01/2024 Գրքեր / Books 30 Days Loan


ՀՀ ԳԱԱ հիմնարար գիտական գրադարան
ՀՀ,Երևան 0019
Մարշալ Բաղրամյան 24/6
հեռախոս:(374-10) 52-47-50
Հետադարձ կապ

All site content, except where otherwise noted, is licensed under a
Creative Commons License